| 000 | 00776nam a2200241Ia 4500 | ||
|---|---|---|---|
| 005 | 20260601193252.0 | ||
| 008 | 260601s9999||||xx |||||||||||||| ||und|| | ||
| 020 |
_a978-981-97-5937-8 _qebk |
||
| 100 | _aNgoc Thanh Nguyen | ||
| 245 | 0 | _aRecent Challenges in Intelligent Information and Database Systems | |
| 250 | _a2024 | ||
| 260 |
_aHeidelberg, Germany _bSpringer Nature _c2024 |
||
| 440 | _aCommunications in Computer and Information Science | ||
| 650 | _aComputer Science | ||
| 700 | _aHamido Fujita | ||
| 700 | _aKrystian Wojtkiewicz | ||
| 700 | _aLe Minh Nguyen | ||
| 700 | _aRichard Chbeir | ||
| 700 | _aTzung-Pei Hong | ||
| 700 | _aYannis Manolopoulos | ||
| 856 | _uhttps://link.springer.com/openurl?genre=book&isbn=978-981-97-5937-8 | ||
| 942 |
_cEB _2ddc |
||
| 999 |
_c56769 _d56769 |
||